| 000 | 00493nam a22001577a 4500 | ||
|---|---|---|---|
| 005 | 20251117123102.0 | ||
| 008 | 251117b |||||||| |||| 00| 0 eng d | ||
| 020 | _a979-8-88715-349-0 | ||
| 100 | _aROGERS, FREDDY K. | ||
| 245 | _aMARINE STEAM POWER PLANT | ||
| 260 |
_aDUBLIN _bORYSON PRESS _c2024 |
||
| 300 | _aVI, 282P. | ||
| 500 | _aINCLUDES INDEX | ||
| 650 | _a1. MARINE ENGINEERING -STEAM POWER PLANTS 2. STEAM ENGINEARING - MARINE APPLICATION. 3. SHIPS- MACHINERY | ||
| 942 |
_2lcc _cBK |
||
| 999 |
_c216196 _d216196 |
||